| 000 | 00905cam a2200229 4500 | ||
|---|---|---|---|
| 001 | WB3721-16 | ||
| 008 | 000000n2001 000 0 eng u | ||
| 035 | _a(Sirsi) u112866 | ||
| 245 | _aHomebuilders' warning to politicians | ||
| 260 | _c2001 | ||
| 490 |
_aBuilding Homes _v(5) May 2001, 8(1) |
||
| 520 | _aHousebuilders are requesting that the Labour Party overhaul the planning system if they win a second term. They argue that the PPG3 policy has led to a planning logjam and slowed down the number of housing completions although they support its handling of the economy. Lists of Labour's proposals. | ||
| 590 | _aWB | ||
| 650 | _aHOUSE BUILDERS | ||
| 650 | _aPPG3 | ||
| 650 | _aHOUSE BUILDING | ||
| 650 | _aHOUSE BUILDERS FEDERATION | ||
| 650 | _aPLANNING SYSTEM | ||
| 650 | _aGOVERNMENT POLICY | ||
| 690 | _aENVIRONMENTAL AND LAND CONSULTANCY-PLANNING AND DEVELOPMENT | ||
| 942 | _n0 | ||
| 999 |
_c67185 _d67185 |
||